| 000 | 00469nam a2200169Ia 4500 | ||
|---|---|---|---|
| 003 | SGT | ||
| 020 | _a9780195676846 | ||
| 082 |
_a5.133 _bDEY |
||
| 100 | _aDey,Pradip | ||
| 245 | _aComputer fundamentals and programming in C | ||
| 260 |
_bOxford University Press _aN.Delhi _c2009 |
||
| 300 | _a818p. | ||
| 650 | _aCOMPUTER SCIENCE | ||
| 653 | _aCOMPUTER FUNDAMENTALS,NUMBER SYSTEM,BOOLEAN ALGEBRA,INPUT OUTPUT,FUNCTION | ||
| 700 | _aGhosh,Manas | ||
| 942 |
_2ddc _cBK _015 |
||
| 999 |
_c5017 _d5017 |
||